Fr. Conceicao Rodrigues College of Engineering

Labview basics II development (Record no. 24805)

MARC details
000 -LEADER
fixed length control field 00272nam a2200133Ia 4500
082 ## - DEWEY DECIMAL CLASSIFICATION NUMBER
Classification number 5.133
Item number NAT
100 ## - MAIN ENTRY--PERSONAL NAME
Personal name National instruments
245 ## - TITLE STATEMENT
Title Labview basics II development
260 ## - PUBLICATION, DISTRIBUTION, ETC.
Name of publisher, distributor, etc. #N/A
546 ## - LANGUAGE NOTE
Language note ENGLISH
650 ## - SUBJECT ADDED ENTRY--TOPICAL TERM
Topical term or geographic name entry element Labview
942 ## - ADDED ENTRY ELEMENTS (KOHA)
Koha item type BOOK
Holdings
Withdrawn status Lost status Damaged status Not for loan Collection Home library Current library Date acquired Total Checkouts Full call number Barcode Date last seen Price effective from Koha item type
        CRC Fr. Agnel's C.Rodrigues College of Engineering Fr. Agnel's C.Rodrigues College of Engineering 17/03/2023   5.133 NAT 19474 17/03/2023   BOOK